Excel statistics . (Record no. 352096)

000 -LEADER
fixed length control field 01114cam a2200325 i 4500
001 - CONTROL NUMBER
control field 18511392
003 - CONTROL NUMBER IDENTIFIER
control field OSt
005 - DATE AND TIME OF LATEST TRANSACTION
control field 20180116183107.0
008 - FIXED-LENGTH DATA ELEMENTS--GENERAL INFORMATION
fixed length control field 150302s2016 cau 001 0 eng
010 ## - LIBRARY OF CONGRESS CONTROL NUMBER
LC control number 2015006463
020 ## - INTERNATIONAL STANDARD BOOK NUMBER
International Standard Book Number 9781483374048 (pbk. : alk. paper)
040 ## - CATALOGING SOURCE
Original cataloging agency DLC
Language of cataloging eng
Transcribing agency DLC
Description conventions rda
Modifying agency DLC
042 ## - AUTHENTICATION CODE
Authentication code pcc
050 00 - LIBRARY OF CONGRESS CALL NUMBER
Classification number HF5548.4.M523
Item number S263 2016
082 00 - DEWEY DECIMAL CLASSIFICATION NUMBER
Classification number 005.54
Edition number 23
100 1# - MAIN ENTRY--PERSONAL NAME
Personal name Salkind, Neil J.
245 10 - TITLE STATEMENT
Title Excel statistics .
Remainder of title a quick guide .
Statement of responsibility, etc. Neil J. Salkind, University of Kansas.
250 ## - EDITION STATEMENT
Edition statement Third edition.
260 ## - PUBLICATION, DISTRIBUTION, ETC.
Place of publication, distribution, etc. New Delhi.
Name of publisher, distributor, etc. SAGE.
Date of publication, distribution, etc. 2016.
300 ## - PHYSICAL DESCRIPTION
Extent xvii, 147 pages :
Other physical details illustrations ;
Dimensions 24 cm
500 ## - GENERAL NOTE
General note Paper Cover.
600 ## - SUBJECT ADDED ENTRY--PERSONAL NAME
Personal name Salkind, Neil J.
630 00 - SUBJECT ADDED ENTRY--UNIFORM TITLE
Uniform title Microsoft Excel (Computer file)
650 #0 - SUBJECT ADDED ENTRY--TOPICAL TERM
Topical term or geographic name entry element Social sciences
General subdivision Statistical methods
-- Computer programs.
650 #0 - SUBJECT ADDED ENTRY--TOPICAL TERM
Topical term or geographic name entry element Electronic spreadsheets.
700 ## - ADDED ENTRY--PERSONAL NAME
Personal name Salkind, Neil J.
906 ## - LOCAL DATA ELEMENT F, LDF (RLIN)
a 7
b cbc
c orignew
d 1
e ecip
f 20
g y-gencatlg
942 ## - ADDED ENTRY ELEMENTS (KOHA)
Source of classification or shelving scheme
Koha item type Book
Call number prefix 005.54
Holdings
Withdrawn status Lost status Source of classification or shelving scheme Damaged status Not for loan Collection code Permanent Location Current Location Shelving location Date acquired Total Checkouts Full call number Barcode Date last seen Date last checked out Price effective from Koha item type
            Central Library (CL) Central Library (CL) First Floor - Operating System/ Data Structure 09/07/2017 2 005.54 SAL NBS10335 08/27/2019 10/11/2018 09/07/2017 Book
© 2023 Central Library, National University of Sciences and Technology. All Rights Reserved.